- Zulaica Gárate, Román
Entry Nombre Personal
001 - NUMERO DE CONTROL
- campo de control: 43707
003 - IDENTIFICADOR DE NUMERO DE CONTROL
- campo de control: DLC
005 - FECHA Y HORA DE LA ÜLTIMA TRANSACCIÓN
- campo de control: 20220214104423.0
008 - DATOS DE LONGITUD FIJA
- campo de control de longitud fija: 940318n| acannaabn |a aaa d
010 ## - NÚMERO DE CONTROL DE LA BIBLIOTECA DEL CONGRESO
- Número de control LC: nr 94009212
- Número de Control LC Cancelado/inválido: n 2005078219
035 ## - NUMERO DE CONTROL
- Número de control: (OCoLC)oca03571138
040 ## - FUENTE DE CATALOGACIÓN
- Agencia original de catalogación: NjP
- Lenguaje de catalogación: spa
- Agencia de transcripción: NjP
- Agencia que lo modifica: OCoLC
- Agencia que lo modifica: DLC
- Agencia que lo modifica: MX-MxUPN
100 1# - ENCABEZAMIENTO - NOMBRE PERSONAL
- Nombre personal: Zulaica Gárate, Román
400 1# - VEÁSE - NOMBRE DE PERSONA
- Personal name: Zulaica, José Román
400 1# - VEÁSE - NOMBRE DE PERSONA
- Personal name: Zulaica y Gárate, Román
400 1# - VEÁSE - NOMBRE DE PERSONA
- Personal name: Zulaica Gárate, José Román
400 1# - VEÁSE - NOMBRE DE PERSONA
- Personal name: Zulaica y Gárate, José Ramón
670 ## - FUENTE EN LA QUE SE LOCALIZARON DATOS
- Cita de la fuente: Los franciscanos y la imprenta en México en el siglo XVI, 1991:
- Información localizada: portada (Román Zulaica Gárate)
670 ## - FUENTE EN LA QUE SE LOCALIZARON DATOS
- Cita de la fuente: Peraza Sarausa, F. La obra del P. Zulaica en Cuba, 1955:
- Información localizada: p. 275 (José Román Zulaica)
670 ## - FUENTE EN LA QUE SE LOCALIZARON DATOS
- Cita de la fuente: Encic. de México, 1987-1988:
- Información localizada: (Zulaica y Gárate, Román)
670 ## - FUENTE EN LA QUE SE LOCALIZARON DATOS
- Cita de la fuente: Peral, M.A. Dicc. biog. mex., 1944:
- Información localizada: (Zulaica Gárate (José Román)
670 ## - FUENTE EN LA QUE SE LOCALIZARON DATOS
- Cita de la fuente: Peraza Sarausa, F. Dicc. biog. cub., 1951- :
- Información localizada: t. 7, hojas 163-164 (Zulaica y Gárate, José Ramón)
902 ## - CATALOGADOR
- Catalogador: VRC/140222
